Bericht über das basler museum für völkerkunde und schweizerische museum für volkskunde das jahr /

Guardado en:
Autor Principal: Buhler, Alfred
Formato: Libro
Publicado: Basel : Museum FÜr Volskunde, 0
Materias:
Etiquetas: Agregar Etiqueta
Sin Etiquetas, Sea el primero en etiquetar este registro!
LEADER 00575nam a22001695a 4500
001 EHU.bham005239
003 AR-BHAM
005 20081015153950.0
008 130507b######################000#0#####d
082 5 7 |a 572.7074 
100 1 |a Buhler, Alfred 
245 1 0 |a Bericht über das basler museum für völkerkunde und schweizerische museum für volkskunde das jahr /  |c Alfred Buhler. 
260 |a Basel :  |b Museum FÜr Volskunde, 0 
300 |a 15 p. 
500 |a BÜhler, Alfred 
653 |a Antropologia cultural 
859 |a AR-BHAM  |b BIB. HUMANIDADES - General  |h 572.7074  |i B292-1  |p 433.60  |t Ej.1